000 00651nam a2200265Ia 4500
005 20260121165716.0
008 008 260114s9999 xx 000 0 eng d
020 _a9783319576725
037 _aEBOOK
040 _aCRL
040 _beng
040 _cCRL
041 _2eng
041 _aeng
084 _qCRL
100 _aRichards Plavnieks
_91055055
245 0 _aNazi Collaborators on Trial during the Cold War
260 _bSpringer
260 _bSpringer
260 _c2018
856 _uhttps://link.springer.com/openurl?genre=book&isbn=978-3-319-57672-5
942 _cEBOOK
999 _c1620782
_d1620782